Loading...

Activate your self: nature DNA

Bibliographic Details
Main Author: Guoru, Chan Master
Format: Printed Book
Published: Taiwan Chan Grove 2015
LEADER 00487nam a22001577a 4500
003 OSt
020 |a 9789868946774 
082 |a 294.363  |b GOU/AC 
100 |a Guoru, Chan Master 
245 |a Activate your self: nature DNA 
260 |a Taiwan  |b Chan Grove  |c 2015 
300 |a 230 
546 |a English 
942 |2 ddc  |c BK 
999 |c 155020  |d 155020 
952 |0 0  |1 0  |2 ddc  |4 0  |6 294_363000000000000_GOUAC  |7 1  |8 Gen  |9 154090  |a KAUCLV  |b KAUCLV  |c GENERAL  |d 2017-03-16  |o 294.363 GOU/AC  |p 808864  |r 2017-03-16  |w 2017-03-16  |y BK